00743nam a2200241 a 4500001001300000003000900013005001700022008004100039020001000080082001700090100002500107245008100132260005900213300000900272500003500281505002100316650001200337700002500349902000800374942000700382952009700389999001500486nice12345678IN_TiNIC20260116011436.0050524s1916 lona grp 000 0 eng  ac10000a296.123bFER aFerrar, William John aUncanonical Jewish Booksb Short Introduction to the Apocrypha & Other Jewis aLondonbSociety for Promoting Christian Knowledgc1916 a101p aincludes index and biblioraphy2 aBiblio..., Index aMishnah1 aFerrar, William John bSRS cBK 00104070aHMIbHMId2007-07-27g100.00l0o296.123 FERp01676r2007-07-27w2026-01-16yEB c1579d1579